Future wealth (Record no. 191048)

MARC details
000 -LEADER
fixed length control field 00678nam a2200241Ia 4500
008 - FIXED-LENGTH DATA ELEMENTS--GENERAL INFORMATION
fixed length control field 191130s2000##################000#0#eng##
020 ## - INTERNATIONAL STANDARD BOOK NUMBER
ISBN 1578511941
082 ## - DEWEY DECIMAL CLASSIFICATION NUMBER
Classification number 330.16 DAV
100 ## - MAIN ENTRY--AUTHOR NAME
Personal name Davis, Stanley M
245 ## - TITLE STATEMENT
Title Future wealth
Statement of responsibility, etc Stan Davis, Christopher Meyer
260 ## - PUBLICATION, DISTRIBUTION, ETC. (IMPRINT)
Place of publication Boston, MA
Name of publisher Harvard Business School
Year of publication c2000
300 ## - PHYSICAL DESCRIPTION
Number of Pages xii, 201 p. : 24 cm
500 ## - GENERAL NOTE
General note Includes bibliographical references (p. 171-181) and index
650 ## - SUBJECT ADDED ENTRY--TOPICAL TERM
Topical Term Equality
Topical Term Income
Topical Term Wealth
700 ## - ADDED ENTRY--PERSONAL NAME
Personal name Meyer, Christopher
991 ## -
-- 43375
Holdings
Withdrawn status Lost status Damaged status Not for loan Home library Current library Shelving location Date acquired Full call number Accession Number Price effective from Koha item type
        Anna Centenary Library Anna Centenary Library 4TH FLOOR, A WING 13.10.2020 330.16 DAV 504125 13.10.2020 English Books

Find us on the map